Las Nuevas formas de dominación política en El Salvador

保存先:
書誌詳細
第一著者: Sermeño Zeledón, Carmen
フォーマット: テキスト
出版事項: San José :
タグ: タグ追加
タグなし, このレコードへの初めてのタグを付けませんか!

MARC

LEADER 00000 a a2200000 04500
001 15620
003
040
090 |a 019800  
100 |a Sermeño Zeledón, Carmen  
245 |a Las Nuevas formas de dominación política en El Salvador  
260 |a San José :  
300 |a 19; 5 p.  
999 |c 12385  |d 12385